Check your vocabulary for English for the ielts exam ination a workbook for studen

Αποθηκεύτηκε σε:
Λεπτομέρειες βιβλιογραφικής εγγραφής
Μορφή: Βιβλίο
Έκδοση: 2004
Ετικέτες: Προσθήκη ετικέτας
Δεν υπάρχουν, Καταχωρήστε ετικέτα πρώτοι!
Thư viện lưu trữ: Mạng thư viện Đại học Đà Nẵng
LEADER 00490nam a22001811a 4500
001 000038572
003 14867
005 20160412021330.0
008 160412s2004 000
082 |a 4A(07)2724 
245 |a Check your vocabulary for English for the ielts exam ination a workbook for studen  |c Rawdon Wyaff 
260 |c 2004 
OWN |a LNN 
999 |a From the UDN01 
TYP |a Monograph 
980 |a Mạng thư viện Đại học Đà Nẵng